DİNO AVCISI 2. MÜZEDE KARGAŞA (Record no. 798550)

MARC details
000 -LEADER
sabit uzunluktaki kontrol alanı 00257nam a2200097Ia 4500
001 - KONTROL NUMARASI
kontrol alanı 798550
005 - EN SON İŞLEMİN TARİH VE ZAMANI
kontrol alanı 20250826170829.0
008 - SABİT-UZUNLUKTA VERİ ÖĞELERİ--GENEL BİLGİ
sabit uzunluktaki kontrol alanı 250824s9999 xx 000 0 und d
245 #0 - ESER / YAZAR
ESER ADI DİNO AVCISI 2. MÜZEDE KARGAŞA
Yazar Adı FRANCO
260 ## - YAYIN, DAĞITIM, VB.
YAYIN EVİ UĞUR BÖCEĞİ YAYINLARI

No items available.